• 首页
  • 本馆介绍
  • 公告通知
  • 最新文献
  • 馆藏检索
  • 电子资源
  • 读者导购
  • 参考咨询
  • 我的图书馆
  • 登录
  • 详细信息显示
  • 放入我的书架
  • 预约/预借图书
  • 作者相关作品
  • 分类相关作品
  • 丛书相关作品
  • 出版社相关作品

书目信息

  • 表格格式
  • 工作单格式
  • 卡片格式
题名:
谭嗣同文选注
    
 
作者: 谭嗣同 著 ;周振甫 选注
分册:  
出版信息: 北京   中华书局  1981
页数: 241页
开本: 21cm
丛书名:
单 册:
中图分类: B254
科图分类:
主题词: 谭嗣同--哲学 , 谭嗣同
电子资源:
ISBN:
000 00672nam0 2200253 45
001 0181004503
005 20060816112709.26
010    @dCNY0.93
091    @a2018.164
100    @a19950510d1981 em y0chiy0121 ea
101 0  @achi
102    @aCN@b110000
105    @ay z 000yy
200 10 @a谭嗣同文选注@Atan si tong wen xuan zhu@f(清)谭嗣同著@F(Qing)Tan Si Tong Zhu@g周振甫选注
210    @a北京@c中华书局@d1981
215    @a241页@d21cm
606 0  @a谭嗣同@x哲学
606 0  @a谭嗣同
690    @aB254@v3
701  0 @a谭嗣同@4著
702  0 @a周振甫@Azhou zhen fu@4选注
801  0 @aCN@b上海图书馆@c20060816
801  2 @aCN@bNLC@c20060809
905    @dB254@e9
    
    谭嗣同文选注/(清)谭嗣同著/周振甫选注.-北京:中华书局,1981
    241页;21cm
    
    
    ISBN :CNY0.93
    
●
相关链接 在E读中查询图书 在五车中查询图书 在当当中查询图书 在豆瓣中查询图书


正题名:谭嗣同文选注     索取号:B254/9         预约/预借

序号 登录号 条形码 馆藏地/架位号 状态 备注
1 0057009   000523240   密集书库/ [索取号:B254/9] 在馆    
2 0057010   000523231   密集书库/ [索取号:B254/9] 在馆    
3 0057011   002040794   第一样本阅览室/ [索取号:B254/9] 在馆    
4 0068508   000523286   密集书库/ [索取号:B254/9] 在馆    
5 0068509   000523277   第一借阅区/ [索取号:B254/9] 在馆    
6 0450083   204500833   密集书库/ [索取号:B254/9] 在馆    
7 0464899   204648998   密集书库/ [索取号:B254/9] 在馆    
8 0464900   204649005   密集书库/ [索取号:B254/9] 在馆    
唐山师范学院图书馆 欢迎您!
大连网信软件有限公司© 版权所有